Spracovanie účtovacích záznamov v systéme SVM 3.5.
Formát účtovných záznamov. Druhy a štruktúra záznamov. Vyhodnocovací program účtovacích záznamov. Štruktúra pracovného súboru. Vyhodnotenie používateľa v niektorých typoch záznamov. Nahrávací program a jeho funkcie. Vyhodnocovací program.
Salvato in:
| Autore principale: | |
|---|---|
| Natura: | Capitolo di libro |
| Lingua: | slovacco |
| Soggetti: | |
| Tags: |
Nessun Tag, puoi essere il primo ad aggiungerne!!
|
MARC
| LEADER | 00000naa a2200000 4500 | ||
|---|---|---|---|
| 001 | r007343 | ||
| 005 | 20221125080443.4 | ||
| 041 | 0 | |a slo | |
| 044 | |a [CS] | ||
| 245 | 1 | 0 | |a Spracovanie účtovacích záznamov v systéme SVM 3.5. |c R. Rybarič |
| 520 | |a Formát účtovných záznamov. Druhy a štruktúra záznamov. Vyhodnocovací program účtovacích záznamov. Štruktúra pracovného súboru. Vyhodnotenie používateľa v niektorých typoch záznamov. Nahrávací program a jeho funkcie. Vyhodnocovací program. | ||
| 610 | 2 | 0 | |a doklady účtovné |
| 610 | 2 | 0 | |a spracovanie dát |
| 610 | 2 | 0 | |a používatelia |
| 610 | 2 | 0 | |a programy počítačové |
| 610 | 2 | 0 | |a SVM 3.5 |
| 100 | 1 | |a Rybarič, R. | |